Catálogo - Centro de Recursos para el Aprendizaje y la Investigación

Volver al Sitio - CRAI Biblioteca

Balance al Sistema Municipal Dominicano : (Registro nro. 113716)

Detalles MARC
000 -CABECERA
campo de control de longitud fija 00871nam a2200229 4500
001 - NÚMERO DE CONTROL
campo de control 113716
003 - IDENTIFICADOR DEL NÚMERO DE CONTROL
campo de control DR-UNIBE
005 - FECHA Y HORA DE LA ÚLTIMA TRANSACCIÓN
campo de control 20260407105928.0
008 - DATOS DE LONGITUD FIJA--INFORMACIÓN GENERAL
campo de control de longitud fija 250602b2024 dr ||||| |||| 00| 0 spa d
020 ## - NÚMERO INTERNACIONAL ESTÁNDAR DEL LIBRO
Número Internacional Estándar del Libro 9789945293579
040 ## - FUENTE DE LA CATALOGACIÓN
Centro catalogador/agencia de origen BIBLIOTECA UNIBE
Lengua de catalogación spa
Centro/agencia transcriptor BIBLIOTECA UNIBE
Normas de descripción rda
041 ## - CÓDIGO DE LENGUA
Código de lengua del texto/banda sonora o título independiente spa
082 ## - NÚMERO DE LA CLASIFICACIÓN DECIMAL DEWEY
Número de clasificación RD 320.8 M433b
100 1# - ENTRADA PRINCIPAL--NOMBRE DE PERSONA
Nombre de persona Matías Hernández, Domingo Confesor
Término indicativo de función/relación autor
9 (RLIN) 196079
245 10 - MENCIÓN DE TÍTULO
Título Balance al Sistema Municipal Dominicano :
Resto del título 2020-2024 /
Mención de responsabilidad, etc. Domingo Matías Hernández
260 ## - PUBLICACIÓN, DISTRIBUCIÓN, ETC.
Lugar de publicación, distribución, etc. Santo Domingo :
Nombre del editor, distribuidor, etc. Foro de Municipalistas :
-- Centro de Planificación y Acción Ecuménica - CEPAE :
-- Fundación Solidaridad,
Fecha de publicación, distribución, etc. 2024
300 ## - DESCRIPCIÓN FÍSICA
Extensión 50 páginas
650 #7 - PUNTO DE ACCESO ADICIONAL DE MATERIA--TÉRMINO DE MATERIA
Fuente del encabezamiento o término lemb
Término de materia o nombre geográfico como elemento de entrada Gobieno local
Subdivisión general Estadísticas
9 (RLIN) 204131
650 #7 - PUNTO DE ACCESO ADICIONAL DE MATERIA--TÉRMINO DE MATERIA
Fuente del encabezamiento o término lemb
Término de materia o nombre geográfico como elemento de entrada Administración municipal
Subdivisión general Estadísticas
9 (RLIN) 204132
653 ## - TÉRMINO DE INDIZACIÓN--NO CONTROLADO
Término no controlado Gobierno municipales -- Estadísticas
942 ## - ELEMENTOS DE PUNTO DE ACCESO ADICIONAL (KOHA)
Fuente del sistema de clasificación o colocación Sistema de Clasificación Decimal Dewey
Tipo de ítem Koha Libro (general)
Existencias
Estado de retiro Estado de pérdida Fuente del sistema de clasificación o colocación No para préstamo Código de colección Localización permanente Fecha de adquisición Total de préstamos Signatura topográfica completa Código de barras Fecha visto por última vez Fecha del último préstamo Número de copia Precio válido a partir de Tipo de ítem Koha
  Disponible Sistema de Clasificación Decimal Dewey   General - Libros dominicanos Biblioteca Central UNIBE 02/06/2025 1 RD 320.8 M433b 250665 20/08/2025 20/08/2025 Ej. 1 02/06/2025 Libro (general)